MARC

LEADER 00000nam0a2200000 4500
001 124906
005 20231031131143.0
020 |a RU  |b 86-56467 
035 |a (RuTPU)RU\TPU\book\135178 
090 |a 124906 
100 |a 20071108d1986 m y0rusy5003 ca 
101 1 |a rus  |c eng 
102 |a RU 
105 |a y z 000ay 
200 1 |a Лабиринт  |e [Документальный роман]  |f Т. Бранч, Ю. Проппер  |g пер. с англ. А. А. Обухов 
210 |a Москва  |c Прогресс  |d 1986 
215 |a 376 с.  |d 21 см 
610 0 |a Империалистические разведки 
610 0 |a диверсии 
610 0 |a шпионаж 
610 0 |a американская литература 
610 0 |a документальные романы 
675 |a 82  |z rus 
700 1 |a Бранч  |b Т.  |g Тейлор  |4 070 
701 1 |a Проппер  |b Ю.  |g Юджин  |4 070 
702 1 |a Обухов  |b А. А.  |4 730 
801 0 |a RU  |b RuMRKP  |c 19950704  |g psbo 
801 1 |a RU  |b 63413507  |c 20071108  |g PSBO 
801 2 |a RU  |b 63413507  |c 20150828  |g PSBO 
942 |c BK